<?xml version="1.0" encoding="UTF-8"?>
<record
    xmlns:xsi="http://www.w3.org/2001/XMLSchema-instance"
    xsi:schemaLocation="http://www.loc.gov/MARC21/slim http://www.loc.gov/standards/marcxml/schema/MARC21slim.xsd"
    xmlns="http://www.loc.gov/MARC21/slim">

  <leader>00442nam a2200145Ia 4500</leader>
  <controlfield tag="008">230917s9999||||xx |||||||||||||| ||und||</controlfield>
  <datafield tag="040" ind1=" " ind2=" ">
    <subfield code="e">171973</subfield>
    <subfield code="a">MAIN</subfield>
  </datafield>
  <datafield tag="041" ind1=" " ind2=" ">
    <subfield code="a">English</subfield>
  </datafield>
  <datafield tag="082" ind1=" " ind2=" ">
    <subfield code="a">891.431711 VD449A</subfield>
  </datafield>
  <datafield tag="100" ind1=" " ind2=" ">
    <subfield code="a">&#x935;&#x93E;&#x938;&#x941;&#x926;&#x947;&#x935;</subfield>
  </datafield>
  <datafield tag="245" ind1=" " ind2="0">
    <subfield code="a">&#x905;&#x902;&#x939;&#x93F;&#x938;&#x93E; &#x915;&#x940; &#x938;&#x902;&#x938;&#x94D;&#x915;&#x943;&#x924;&#x93F;</subfield>
  </datafield>
  <datafield tag="260" ind1=" " ind2=" ">
    <subfield code="a">&#x926;&#x93F;&#x932;&#x94D;&#x932;&#x940;</subfield>
    <subfield code="b">&#x935;&#x93E;&#x938;&#x941;&#x927;&#x940;&#x930; &#x92B;&#x93E;&#x909;&#x928;&#x94D;&#x921;&#x947;&#x936;&#x928;</subfield>
    <subfield code="c">1990</subfield>
  </datafield>
  <datafield tag="300" ind1=" " ind2=" ">
    <subfield code="a">240 &#x92A;&#x943;. p.</subfield>
  </datafield>
  <datafield tag="942" ind1=" " ind2=" ">
    <subfield code="c">HN</subfield>
  </datafield>
  <datafield tag="952" ind1=" " ind2=" ">
    <subfield code="0">0</subfield>
    <subfield code="1">0</subfield>
    <subfield code="4">0</subfield>
    <subfield code="6">891_431711000000000_VD449A</subfield>
    <subfield code="7">0</subfield>
    <subfield code="9">113127</subfield>
    <subfield code="a">MAIN</subfield>
    <subfield code="b">MAIN</subfield>
    <subfield code="d">2010-12-11</subfield>
    <subfield code="l">0</subfield>
    <subfield code="o">891.431711 VD449A</subfield>
    <subfield code="p">146793</subfield>
    <subfield code="r">2023-09-17 20:55:31</subfield>
    <subfield code="w">2023-09-17</subfield>
    <subfield code="y">HN</subfield>
  </datafield>
  <datafield tag="952" ind1=" " ind2=" ">
    <subfield code="0">0</subfield>
    <subfield code="1">0</subfield>
    <subfield code="4">0</subfield>
    <subfield code="6">891_431711000000000_VD449A</subfield>
    <subfield code="7">0</subfield>
    <subfield code="9">113128</subfield>
    <subfield code="a">MAIN</subfield>
    <subfield code="b">MAIN</subfield>
    <subfield code="d">2010-12-11</subfield>
    <subfield code="l">0</subfield>
    <subfield code="o">891.431711 VD449A</subfield>
    <subfield code="p">147686</subfield>
    <subfield code="r">2023-09-17 20:55:31</subfield>
    <subfield code="w">2023-09-17</subfield>
    <subfield code="y">HN</subfield>
  </datafield>
  <datafield tag="999" ind1=" " ind2=" ">
    <subfield code="c">72725</subfield>
    <subfield code="d">72725</subfield>
  </datafield>
</record>
